The lotus blossoms

Bibliographic Details
Main Author: SAN
Format: Book
Published: Kuala Lumpur : Times Books International , 1991

MARC

LEADER 00000cam a2200000 7i4500
001 0000003979
002 000004284
005 .0
020 |a 9812042520 
090 0 0 |a F   |b SAN 
100 0 |a SAN 
245 1 4 |a The lotus blossoms   |c San 
260 |a Kuala Lumpur :   |b Times Books International ,   |c 1991 
300 |a 295 p. ;   |c 20 cm. 
999 |a 035237   |b BUKU   |c FICTION   |e PERPUSTAKAAN KOMUNITI PETALING JAYA